00402nam a22001217a 4500003000500000038001800005082000800023100001600031245010800047264003300155700003500188856005700223NUST aNusrat Nadeem a200 aAziz, Faiza aParent-Child Interaction and Psychosocial Difficulties among Adolescents, A Dyadic Study/cFaiza Aziz,  aIslamabad:bS3H NUST.c2025. aSupervisor: Dr. Tamkeen Ashraf uhttp://10.250.8.41:8080/xmlui/handle/123456789/54384